Wszystkie kierunki lotów z lotniska Kraków-Balice - Statystyki

Ogólne statystyki
  • Ten quiz został rozwiązany 66 razy
  • Średni wynik to 49 z 118
Statystyki odpowiedzi
Państwo Miasto % Poprawnych
Polska Warszawa
98%
Polska Gdańsk
90%
Grecja Ateny
85%
Francja Paryż
79%
Norwegia Oslo
77%
Niemcy Berlin
75%
Wielka Brytania Londyn
75%
ZEA Dubaj
73%
Niemcy Monachium
73%
Holandia Amsterdam
71%
Polska Szczecin
69%
Hiszpania Barcelona
67%
Belgia Bruksela
67%
Niemcy Frankfurt
67%
Austria Wiedeń
67%
Litwa Wilno
67%
Serbia Belgrad
65%
Włochy Rzym
65%
Rumunia Bukareszt
63%
Hiszpania Madryt
63%
Wielka Brytania Manchester
63%
ZEA Abu Zabi
60%
Dania Kopenhaga
60%
Polska Olsztyn
60%
Turcja Stambuł
60%
USA Chicago
58%
Francja Marsylia
58%
Włochy Mediolan
58%
Włochy Neapol
58%
Czechy Praga
58%
Grecja Saloniki
58%
Szwecja Sztokholm
58%
Turcja Antalya
56%
Portugalia Porto
56%
Irlandia Dublin
54%
Portugalia Lizbona
54%
Albania Tirana
54%
Malta Valetta
54%
Szwajcaria Zurych
54%
Turcja Ankara
52%
Polska Bydgoszcz
52%
Wielka Brytania Glasgow
52%
Wielka Brytania Edynburg
50%
Francja Lyon
50%
Francja Nicea
50%
Grecja Rodos
50%
Łotwa Ryga
50%
Izrael Tel Aviv
50%
Polska Zielona Góra
50%
Niemcy Dusseldorf
48%
Luksemburg Luksemburg
48%
Norwegia Bergen
46%
Wielka Brytania Liverpool
46%
Hiszpania Malaga
46%
Włochy Palermo
46%
Hiszpania Sewilla
46%
Hiszpania Walencja
46%
Włochy Wenecja
46%
Włochy Katania
44%
Niemcy Dortmund
42%
Chorwacja Split
42%
Włochy Turyn
42%
Wielka Brytania Birmingham
40%
Chorwacja Dubrownik
40%
Czarnogóra Podgorica
40%
Hiszpania Alicante
38%
Holandia Eindhoven
38%
Szwecja Goteborg
38%
Grecja Heraklion
38%
Grecja Korfu
38%
Niemcy Stuttgart
38%
Jordania Amman
35%
Włochy Bolonia
35%
Wielka Brytania Leeds
35%
Norwegia Trondheim
35%
Włochy Bari
33%
Chorwacja Zadar
33%
Bułgaria Burgas
31%
Turcja Izmir
31%
Szwajcaria Bazylea
29%
Grecja Chania
29%
Maroko Marrakesz
29%
Bułgaria Warna
29%
Cypr Larnaka
27%
Cypr Pafos
27%
Hiszpania Teneryfa
27%
Wielka Brytania Belfast
25%
Wielka Brytania Bristol
25%
Portugalia Faro
25%
Francja Tuluza
25%
Dania Billund
23%
Włochy Cagliari
23%
Włochy Genua
23%
Włochy Piza
23%
Hiszpania Girona
21%
USA Newark
21%
Grecja Santorini
21%
ZEA Szardża
21%
Hiszpania Gran Canaria
19%
Wielka Brytania Newcastle
19%
Norwegia Stavanger
19%
Maroko Agadir
17%
Hiszpania Palma de Mallorca
17%
Włochy Rimini
17%
Irlandia Shannon
15%
Włochy Triest
15%
Niemcy Memmingen
13%
Włochy Ankona
8%
Włochy Perugia
8%
Wielka Brytania Aberdeen
6%
Wielka Brytania Bournemouth
6%
Wielka Brytania East Midlands
6%
Hiszpania Fuerteventura
6%
Francja Lourdes
6%
Włochy Olbia
6%
Włochy Pescara
6%
Hiszpania Castellon
2%
Włochy Lamezia Terme
2%
Nie znaleziono quizów pasujących do podanych kryteriów
Rozkład punktacji
Procent ludzi z każdym wynikiem
Percentyl według liczby udzielonych odpowiedzi
Twoja historia wyników
Nie rozwiązałeś tego quizu